000
00376nam a2200157Ia 4500
008
100122s9999 xx 000 0 und d
082
_b
74851
_a
823
100
_a
लिंबाळे शरणकुमार
245
_a
बहुजन
250
_a
1
260
_c
2007
300
_a
216
630
_a
बहुजन
730
_a
बहुजन
942
_c
BOOK
999
_c
390977
_d
390974